[Event "Vladivostok Meridian op rap"]
[Site "Vladivostok"]
[Date "2015.07.18"]
[Round "2"]
[White "Chuhachev, Vladimir"]
[Black "Rozum, Ivan"]
[Result "0-1"]
[WhiteElo "2196"]
[BlackElo "2535"]
[PlyCount "33"]
[EventDate "2015.07.18"]
[EventType "swiss (rapid)"]
[EventRounds "11"]
[EventCountry "RUS"]
[SourceTitle "EXT 2016"]
[Source "ChessBase"]
[SourceDate "2015.10.08"]
[SourceVersion "1"]
[SourceVersionDate "2015.10.08"]
[SourceQuality "1"]

1. e4 c6 2. d4 d5 3. e5 Bf5 4. h4 h6 5. g4 Bd7 6. c4 e6 7. Nc3 c5 8. cxd5 exd5 9. Be3 Nc6 10. Nge2 Bxg4 11. Rg1 h5 12. Qb3 c4 13. Qxb7 Nb4 14. Rxg4 hxg4 15. Bg2 Rb8 16. Qxa7 Ne7 17. Rd1 0-1

[Event "Vladivostok Primorsky Debut"]
[Site "Vladivostok"]
[Date "2014.07.25"]
[Round "5"]
[White "Ivanov, Mikhail M"]
[Black "Chuhachev, Vladimir"]
[Result "1-0"]
[WhiteElo "2392"]
[BlackElo "2165"]
[PlyCount "33"]
[EventDate "2014.07.21"]
[EventType "swiss"]
[EventRounds "9"]
[EventCountry "RUS"]
[SourceTitle "CBM 161 Extra"]
[Source "ChessBase"]
[SourceDate "2014.08.29"]
[SourceVersion "1"]
[SourceVersionDate "2014.08.29"]
[SourceQuality "1"]

1. Nf3 c5 2. c4 Nf6 3. g3 d5 4. cxd5 Nxd5 5. Bg2 Nc6 6. Nc3 Nc7 7. Qa4 Bd7 8. Qe4 f6 9. d4 cxd4 10. Nxd4 e5 11. Nb3 Bb4 12. 0-0 0-0 13. Rd1 Bxc3 14. bxc3 Qe7 15. Ba3 Qxa3 16. Rxd7 Rac8 17. Qg4 1-0

[Event "Vladivostok Primorsky Debut"]
[Site "Vladivostok"]
[Date "2014.07.21"]
[Round "1"]
[White "Grachev, Boris V"]
[Black "Chuhachev, Vladimir"]
[Result "1-0"]
[WhiteElo "2672"]
[BlackElo "2165"]
[PlyCount "67"]
[EventDate "2014.07.21"]
[EventType "swiss"]
[EventRounds "9"]
[EventCountry "RUS"]
[SourceTitle "CBM 161 Extra"]
[Source "ChessBase"]
[SourceDate "2014.08.29"]
[SourceVersion "1"]
[SourceVersionDate "2014.08.29"]
[SourceQuality "1"]

1. d4 Nf6 2. c4 c5 3. d5 e6 4. Nc3 exd5 5. cxd5 d6 6. Nf3 g6 7. Nd2 Bg7 8. Nc4 0-0 9. Bf4 Ne8 10. Qd2 Na6 11. g3 Nac7 12. Bg2 b5 13. Na5 b4 14. Nd1 Ba6 15. 0-0 f5 16. a3 bxa3 17. Rxa3 Nf6 18. Nc3 Qd7 19. Nc6 Bc4 20. b3 Bb5 21. Nxa7 Nh5 22. Ncxb5 Nxb5 23. Nxb5 Nxf4 24. Qxf4 Qxb5 25. Rxa8 Rxa8 26. Qxd6 Qxe2 27. Qxc5 Qd2 28. d6 Rd8 29. Bd5+ Kh8 30. d7 Bd4 31. Qc6 f4 32. Qd6 fxg3 33. hxg3 Qg5 34. Re1 1-0

[Event "Vladivostok Russian Cup"]
[Site "Vladivostok"]
[Date "2012.09.24"]
[Round "8"]
[White "Sukhareva, Evgenia"]
[Black "Chuhachev, Vladimir"]
[Result "1-0"]
[WhiteElo "2268"]
[BlackElo "2182"]
[PlyCount "55"]
[EventDate "2012.09.17"]
[EventType "swiss"]
[EventRounds "9"]
[EventCountry "RUS"]
[SourceTitle "CBM 150 Extra"]
[Source "ChessBase"]
[SourceDate "2012.10.19"]
[SourceVersion "1"]
[SourceVersionDate "2012.10.19"]
[SourceQuality "1"]

1. d4 Nf6 2. c4 e6 3. Nf3 c5 4. d5 exd5 5. cxd5 d6 6. Nc3 g6 7. h3 Bg7 8. e4 0-0 9. Bd3 Na6 10. 0-0 Nc7 11. Bf4 Rb8 12. a4 a6 13. a5 b5 14. axb6 Rxb6 15. Ra2 Nb5 16. Nxb5 axb5 17. b4 Nd7 18. Qb1 Bc3 19. bxc5 Nxc5 20. Rc1 b4 21. Ra7 Rb7 22. Ra8 Qc7 23. Bf1 Bd7 24. Rxf8+ Kxf8 25. Nd2 Bxd2 26. Bxd2 b3 27. Qb2 Kg8 28. Bh6 1-0

[Event "Vladivostok Russian Cup"]
[Site "Vladivostok"]
[Date "2012.09.17"]
[Round "1"]
[White "Maletin, Pavel"]
[Black "Chuhachev, Vladimir"]
[Result "1-0"]
[WhiteElo "2587"]
[BlackElo "2182"]
[PlyCount "71"]
[EventDate "2012.09.17"]
[EventType "swiss"]
[EventRounds "9"]
[EventCountry "RUS"]
[SourceTitle "CBM 150 Extra"]
[Source "ChessBase"]
[SourceDate "2012.10.19"]
[SourceVersion "1"]
[SourceVersionDate "2012.10.19"]
[SourceQuality "1"]

1. c4 Nf6 2. g3 c5 3. Bg2 d5 4. cxd5 Nxd5 5. Nc3 Nc7 6. Nf3 Nc6 7. 0-0 e5 8. a3 Be7 9. b4 0-0 10. bxc5 Bxc5 11. Rb1 Rb8 12. d3 Qe7 13. a4 h6 14. Bd2 a6 15. Qc2 Bg4 16. Ne4 Ba7 17. Rfc1 Ne6 18. Qa2 Kh8 19. e3 f5 20. Rxc6 bxc6 21. Nxe5 Rxb1+ 22. Qxb1 Bh5 23. Nxc6 Qc7 24. Nc3 Ng5 25. Qb4 Re8 26. Qf4 Qxf4 27. exf4 Nf3+ 28. Bxf3 Bxf3 29. Nxa7 Ra8 30. Be3 Rd8 31. d4 Rb8 32. Kf1 Rb3 33. Bd2 Ra3 34. d5 Ra1+ 35. Be1 Kg8 36. Nc6 1-0

[Event "Vladivostok op"]
[Site "Vladivostok"]
[Date "2011.04.02"]
[Round "8"]
[White "Chuhachev, Vladimir"]
[Black "Rastorotskiy, Mikhail"]
[Result "1-0"]
[WhiteElo "2057"]
[BlackElo "2046"]
[PlyCount "65"]
[EventDate "2011.03.26"]
[EventType "swiss"]
[EventRounds "9"]
[EventCountry "RUS"]
[SourceTitle "CBM 141 Extra"]
[Source "ChessBase"]
[SourceDate "2011.05.03"]
[SourceVersion "1"]
[SourceVersionDate "2011.05.03"]
[SourceQuality "1"]

1. e4 c6 2. d4 d5 3. e5 Bf5 4. h4 h5 5. Ne2 e6 6. Ng3 Bg6 7. c4 Ne7 8. Nc3 Nd7 9. Bg5 Qb6 10. Qd2 dxc4 11. Bxc4 Nf5 12. Nge2 Ne7 13. Rd1 Nd5 14. 0-0 Qc7 15. Bxd5 exd5 16. Rc1 Nb6 17. Nf4 Bf5 18. Ncxd5 Nxd5 19. Nxd5 Qd7 20. Nf4 Be7 21. d5 f6 22. exf6 gxf6 23. Qc3 Kf7 24. dxc6 bxc6 25. Rfd1 Qc8 26. Qc4+ Kg7 27. Re1 Bd8 28. Ne6+ Bxe6 29. Rxe6 fxg5 30. Qd4+ Kf7 31. Rexc6 Qf5 32. Qxh8 g4 33. Rc7+ 1-0

[Event "Vladivostok op"]
[Site "Vladivostok"]
[Date "2011.03.29"]
[Round "4"]
[White "Chuhachev, Vladimir"]
[Black "Shaposhnik, Evgeniy"]
[Result "1-0"]
[WhiteElo "2057"]
[BlackElo "1972"]
[PlyCount "55"]
[EventDate "2011.03.26"]
[EventType "swiss"]
[EventRounds "9"]
[EventCountry "RUS"]
[SourceTitle "CBM 141 Extra"]
[Source "ChessBase"]
[SourceDate "2011.05.03"]
[SourceVersion "1"]
[SourceVersionDate "2011.05.03"]
[SourceQuality "1"]

1. e4 e5 2. Nf3 d6 3. d4 exd4 4. Qxd4 Nc6 5. Bb5 Bd7 6. Bxc6 Bxc6 7. Nc3 Nf6 8. 0-0 Be7 9. Nd5 0-0 10. Re1 Re8 11. Bd2 b6 12. c4 Bb7 13. Bc3 c6 14. Nxe7+ Rxe7 15. Nd2 Ne8 16. Nf1 f6 17. Rad1 Rd7 18. Ne3 Qe7 19. f3 Rad8 20. Nf5 Qf7 21. g4 Nc7 22. b3 d5 23. cxd5 cxd5 24. e5 Ne6 25. Qe3 d4 26. Bxd4 fxe5 27. Qxe5 Bxf3 28. Nh6+ 1-0

[Event "Vladivostok op"]
[Site "Vladivostok"]
[Date "2011.03.26"]
[Round "1"]
[White "Ibraeva, Galina"]
[Black "Chuhachev, Vladimir"]
[Result "0-1"]
[WhiteElo "1851"]
[BlackElo "2057"]
[PlyCount "60"]
[EventDate "2011.03.26"]
[EventType "swiss"]
[EventRounds "9"]
[EventCountry "RUS"]
[SourceTitle "CBM 141 Extra"]
[Source "ChessBase"]
[SourceDate "2011.05.03"]
[SourceVersion "1"]
[SourceVersionDate "2011.05.03"]
[SourceQuality "1"]

1. d4 d5 2. Nf3 c6 3. e3 Nd7 4. Nbd2 Ngf6 5. Be2 e6 6. 0-0 Bd6 7. c4 0-0 8. c5 Bc7 9. Qc2 Re8 10. Re1 e5 11. dxe5 Ng4 12. h3 Ngxe5 13. b3 Qe7 14. b4 a5 15. Ba3 axb4 16. Bxb4 Nf6 17. Nd4 h6 18. N2f3 Ne4 19. Bd3 Nxf3+ 20. Nxf3 Bf5 21. a3 Qf6 22. Rad1 g5 23. Qe2 h5 24. Nd4 g4 25. hxg4 Bxg4 26. f3 Qh4 27. g3 Nxg3 28. Qg2 Bh3 29. Qf2 Bd7 30. f4 Qh1# 0-1

[Event "Vladivostok-ch"]
[Site "Vladivostok"]
[Date "2010.10.15"]
[Round "1"]
[White "Telenok, Grigoriy"]
[Black "Chuhachev, Vladimir"]
[Result "1-0"]
[WhiteElo "1789"]
[BlackElo "2035"]
[PlyCount "35"]
[EventDate "2010.10.15"]
[EventType "swiss"]
[EventRounds "9"]
[EventCountry "RUS"]
[SourceTitle "EXT 2022"]
[Source "ChessBase"]
[SourceDate "2021.10.06"]
[SourceVersion "1"]
[SourceVersionDate "2021.10.06"]
[SourceQuality "1"]

1. d4 d5 2. Nf3 c6 3. c4 a6 4. Qc2 Nf6 5. g3 g6 6. Bg2 Bf5 7. Qb3 b5 8. cxd5 Nxd5 9. Ne5 Bg7 10. e4 Qb6 11. exd5 Qxd4 12. Nxc6 Nxc6 13. dxc6 Bd3 14. Qc3 Qd6 15. Qxg7 0-0-0 16. Be3 f6 17. Bh3+ Kc7 18. Bf4 1-0

[Event "Vladivostok op-B"]
[Site "Vladivostok"]
[Date "2010.08.08"]
[Round "5"]
[White "Borodinov, Dmitri"]
[Black "Chuhachev, Vladimir"]
[Result "1-0"]
[WhiteElo "2146"]
[BlackElo "1981"]
[PlyCount "119"]
[EventDate "2010.08.04"]
[EventType "swiss"]
[EventRounds "9"]
[EventCountry "RUS"]
[SourceTitle "EXT 2011"]
[Source "ChessBase"]
[SourceDate "2010.11.26"]
[SourceVersion "1"]
[SourceVersionDate "2010.11.26"]
[SourceQuality "1"]

1. e4 c5 2. Nf3 Nc6 3. Bb5 g6 4. Bxc6 dxc6 5. d3 Bg7 6. h3 Nf6 7. Nc3 0-0 8. Be3 b6 9. Qd2 Re8 10. Bh6 Bh8 11. g4 b5 12. 0-0-0 a5 13. e5 b4 14. Ne4 Nxe4 15. dxe4 Qxd2+ 16. Rxd2 Be6 17. Kb1 Red8 18. Rhd1 Rxd2 19. Rxd2 c4 20. c3 c5 21. Be3 Rc8 22. Bf4 a4 23. a3 bxc3 24. bxc3 Rb8+ 25. Ka2 h5 26. Ng5 hxg4 27. hxg4 Bxg4 28. e6 Bxc3 29. exf7+ Kf8 30. Rc2 Rb3 31. f3 Bd7 32. e5 Bf5 33. Rxc3 Rxc3 34. e6 Rc2+ 35. Ka1 Bxe6 36. Nxe6+ Kxf7 37. Nxc5 Rf2 38. Ne4 Ke8 39. Ng5 Rf1+ 40. Kb2 Rf2+ 41. Kc3 Ra2 42. Kb4 c3 43. Kxc3 Rxa3+ 44. Kb4 Rd3 45. Bc1 a3 46. Bxa3 e5 47. Bb2 Re3 48. Kc4 Ke7 49. Kd5 Re2 50. Bxe5 Re3 51. Kd4 Re1 52. Kd5 Rd1+ 53. Ke4 Re1+ 54. Kf4 Rg1 55. Nh3 Rh1 56. Nf2 Ra1 57. Kg5 Ra4 58. Kxg6 Ke6 59. Ng4 Rxg4+ 60. fxg4 1-0

[Event "Primorie-ch U20 op"]
[Site "Vladivostok"]
[Date "2009.09.29"]
[Round "7"]
[White "Chuhachev, Vladimir"]
[Black "Yun, Svetomir"]
[Result "0-1"]
[WhiteElo "1934"]
[BlackElo "2034"]
[PlyCount "82"]
[EventDate "2009.09.23"]
[EventType "swiss"]
[EventRounds "9"]
[EventCountry "RUS"]
[SourceTitle "EXT 2022"]
[Source "ChessBase"]
[SourceDate "2021.10.06"]
[SourceVersion "1"]
[SourceVersionDate "2021.10.06"]
[SourceQuality "1"]

1. e4 c5 2. c3 Nf6 3. e5 Nd5 4. d4 cxd4 5. cxd4 Nc6 6. Nc3 Nxc3 7. bxc3 d6 8. exd6 Qxd6 9. Nf3 g6 10. Bc4 Bg7 11. 0-0 0-0 12. Re1 Bg4 13. Rb1 Na5 14. Be2 Rac8 15. Qa4 b6 16. Ba3 Qd8 17. Bb5 Bf6 18. Ne5 Bf5 19. Rbc1 Rc7 20. Bb4 Bg5 21. Rcd1 Qc8 22. d5 a6 23. Bc6 Nxc6 24. Nxc6 Bd7 25. Qa3 Bxc6 26. dxc6 Rxc6 27. Bxe7 Bxe7 28. Rxe7 Rxc3 29. Qd6 Rc1 30. g3 Rxd1+ 31. Qxd1 Qc4 32. Qd2 b5 33. Ra7 b4 34. Qd6 Re8 35. Rxa6 Re1+ 36. Kg2 Qf1+ 37. Kf3 Qh1+ 38. Kg4 Qe4+ 39. f4 Qf5+ 40. Kf3 Qh5+ 41. Kg2 Re2+ 0-1

[Event "Primorie-ch U20 op"]
[Site "Vladivostok"]
[Date "2009.09.25"]
[Round "3"]
[White "Chuhachev, Vladimir"]
[Black "Feigin, Semen"]
[Result "1-0"]
[WhiteElo "1934"]
[BlackElo "2045"]
[PlyCount "63"]
[EventDate "2009.09.23"]
[EventType "swiss"]
[EventRounds "9"]
[EventCountry "RUS"]
[SourceTitle "EXT 2022"]
[Source "ChessBase"]
[SourceDate "2021.10.06"]
[SourceVersion "1"]
[SourceVersionDate "2021.10.06"]
[SourceQuality "1"]

1. e4 e5 2. Nf3 Nc6 3. Bc4 Bc5 4. d4 exd4 5. Ng5 Ne5 6. Nxf7 Bb4+ 7. c3 dxc3 8. bxc3 Bxc3+ 9. Nxc3 Nxf7 10. Bxf7+ Kxf7 11. Qb3+ Ke8 12. 0-0 b6 13. Re1 Bb7 14. Nd5 c6 15. Bb2 Qg5 16. Nc7+ Kd8 17. Nxa8 Bxa8 18. Qa3 Nf6 19. Qxa7 Ke7 20. Qxb6 c5 21. Rad1 Bc6 22. Ba3 Qg4 23. Qxc5+ Kf7 24. h3 Qf4 25. Bc1 Qb8 26. e5 Nd5 27. Rxd5 Bxd5 28. Qxd5+ Kg6 29. Qe4+ Kf7 30. Qf5+ Ke8 31. e6 h6 32. Qf7+ 1-0

[Event "Primorie-ch U20 op"]
[Site "Vladivostok"]
[Date "2009.09.24"]
[Round "2"]
[White "Chuhachev, Vladimir"]
[Black "Panchenko, Makar"]
[Result "1-0"]
[WhiteElo "1934"]
[BlackElo "2032"]
[PlyCount "49"]
[EventDate "2009.09.23"]
[EventType "swiss"]
[EventRounds "9"]
[EventCountry "RUS"]
[SourceTitle "EXT 2022"]
[Source "ChessBase"]
[SourceDate "2021.10.06"]
[SourceVersion "1"]
[SourceVersionDate "2021.10.06"]
[SourceQuality "1"]

1. e4 c5 2. d4 cxd4 3. Nf3 e6 4. Nxd4 Nf6 5. Nc3 Bb4 6. Bd3 b6 7. 0-0 Bb7 8. Bg5 h6 9. Bh4 Bxc3 10. bxc3 g5 11. Bg3 Bxe4 12. Nb5 0-0 13. Nc7 d6 14. Nxa8 Bxa8 15. Bxd6 Nd5 16. Bxf8 Kxf8 17. Be4 Qc7 18. Bxd5 Bxd5 19. Qd4 Kg8 20. Rfd1 Nd7 21. c4 Bc6 22. Rd2 Kh7 23. Qd6 Qb7 24. Qe7 Kg7 25. Rad1 1-0

[Event "Vladivostok op"]
[Site "Vladivostok"]
[Date "2009.06.??"]
[Round "9"]
[White "Feigin, Semen"]
[Black "Chuhachev, Vladimir"]
[Result "0-1"]
[WhiteElo "2045"]
[BlackElo "1934"]
[PlyCount "67"]
[EventDate "2009.06.??"]
[EventType "swiss"]
[EventRounds "9"]
[EventCountry "RUS"]
[SourceTitle "EXT 2012"]
[Source "ChessBase"]
[SourceDate "2011.11.24"]
[SourceVersion "1"]
[SourceVersionDate "2011.11.24"]
[SourceQuality "1"]

1. e4 d5 2. exd5 Nf6 3. d4 Nxd5 4. c4 Nb6 5. Nc3 Bf5 6. Nf3 e6 7. Bd3 Bg6 8. Be3 Be7 9. 0-0 0-0 10. Ne5 Bf6 11. f4 N8d7 12. c5 Bxd3 13. Qxd3 Nd5 14. Nxd5 exd5 15. Rf3 c6 16. Rh3 g6 17. Ng4 Bg7 18. f5 Qe8 19. Rf1 Nf6 20. Nxf6+ Bxf6 21. Bh6 Qe4 22. Qg3 Bxd4+ 23. Kh1 Rfe8 24. f6 Qe2 25. Qf4 Re4 26. Qc1 Rae8 27. Rhf3 Qxb2 28. Qd1 Re2 29. Bc1 Qb4 30. h3 Qxc5 31. Ba3 Qc4 32. Be7 Bc5 33. Rf4 d4 34. Bxc5 0-1

[Event "Vladivostok Cup op"]
[Site "Vladivostok"]
[Date "2009.03.23"]
[Round "3"]
[White "Yun, Svetomir"]
[Black "Chuhachev, Vladimir"]
[Result "1-0"]
[WhiteElo "2034"]
[BlackElo "1934"]
[PlyCount "75"]
[EventDate "2009.03.21"]
[EventType "swiss"]
[EventRounds "7"]
[EventCountry "RUS"]
[SourceTitle "EXT 2012"]
[Source "ChessBase"]
[SourceDate "2011.11.24"]
[SourceVersion "1"]
[SourceVersionDate "2011.11.24"]
[SourceQuality "1"]

1. e4 c5 2. Nf3 Nc6 3. d4 cxd4 4. Nxd4 Nf6 5. Nc3 e5 6. Ndb5 d6 7. Bg5 a6 8. Na3 b5 9. Nd5 Be7 10. Bxf6 Bxf6 11. c3 Bg5 12. Nc2 Rb8 13. a4 0-0 14. axb5 axb5 15. Be2 f5 16. exf5 Bxf5 17. Ncb4 Qd7 18. 0-0 Nxb4 19. Nxb4 Be4 20. Bd3 Ba8 21. Qh5 Bh6 22. Qe2 Rf6 23. Bxb5 Qf5 24. Bc6 Bxc6 25. Nxc6 Re8 26. Ra8 Qd7 27. Qc4+ Kf8 28. Rxe8+ Qxe8 29. b4 Bf4 30. Qb5 Rh6 31. g3 Qc8 32. Qb8 Qxb8 33. Nxb8 Bd2 34. b5 Bxc3 35. b6 Bd4 36. b7 Ba7 37. Ra1 Bxb8 38. Ra8 1-0

[Event "Vladivostok op 03"]
[Site "Vladivostok"]
[Date "2008.03.28"]
[Round "9"]
[White "Dolbnya, Darya"]
[Black "Chuhachev, Vladimir"]
[Result "0-1"]
[WhiteElo "1947"]
[BlackElo "1959"]
[PlyCount "80"]
[EventDate "2008.03.22"]
[EventType "swiss"]
[EventRounds "9"]
[EventCountry "RUS"]
[SourceTitle "EXT 2022"]
[Source "ChessBase"]
[SourceDate "2021.10.06"]
[SourceVersion "1"]
[SourceVersionDate "2021.10.06"]
[SourceQuality "1"]

1. d4 d5 2. c4 e5 3. dxe5 d4 4. Nf3 Nc6 5. e3 Bb4+ 6. Bd2 dxe3 7. fxe3 Bg4 8. a3 Bxd2+ 9. Nbxd2 Nxe5 10. h3 Nxf3+ 11. Nxf3 Bf5 12. Be2 Qe7 13. Qd2 b6 14. 0-0 c5 15. Rad1 Nf6 16. Ng5 Bg6 17. Qc1 0-0 18. Bd3 Bh5 19. Rde1 h6 20. Nf3 Ne4 21. Qc2 Rfe8 22. Nd2 Bg6 23. Rf4 f5 24. Bxe4 fxe4 25. Rd1 Rad8 26. Nf1 Rd3 27. Rxd3 exd3 28. Qd2 Rd8 29. Ng3 Rf8 30. Rxf8+ Qxf8 31. Nf1 Qf6 32. Qc1 h5 33. Qd2 Qe6 34. Qe1 h4 35. Kh1 Bh5 36. Nh2 Be2 37. Kg1 Qd6 38. Qd2 Qe6 39. Qc1 Qd7 40. Qd2 Qa4 0-1